000 00994nam a2200301Ia 4500
001 38084
003 IT-RoPAU
008 130308s9999 xx 000 0 und d
040 _aIT-RoPAU
040 _cIT-RoPAU
041 _aFRANCESE
100 _aAndler Daniel
100 _gCodice Aut. SPICS: 17567
245 _aSciences de la cognition (Les)
245 _bPhilosophie des Sciences Aujourd'Hui (La)
250 _a1a ed.
260 _aBORDAS/PARIS
260 _bGauthier/Villars
260 _c1986 [1° Ed.:1986 - Ed.Ling.Originale:1986]
300 _a"37 p. (prefazione: no ; testo: 37 [pagine: 131-167])"
500 _aScienze della Conoscenza progetto Conoscitivo idea di Base Intelligenza Artificiale Problemi Teorici del Cognitivismo funzionalismo Senso e Intenzionalità rappresentazioni Mentali Critiche globali al Cognitivismo
650 _aEPISTEMOLOGIA
650 _eCodice materia Spics: 3051
942 _cBK
957 _71
999 _c38847
_d38847
999 _bSI
999 _g1